[Event "BCF-chT3E 2224 (4NCL)"]
[Site "England"]
[Date "2024.03.17"]
[Round "8.42"]
[White "Calvert, David Ian"]
[Black "McDougall, William M"]
[Result "1-0"]
[WhiteElo "2002"]
[BlackElo "2083"]
[PlyCount "85"]
[EventDate "2023.11.11"]
[EventType "team-tourn"]
[EventRounds "11"]
[EventCountry "ENG"]
[SourceTitle "EXT 2025"]
[Source "ChessBase"]
[SourceDate "2024.10.14"]
[SourceVersion "1"]
[SourceVersionDate "2024.10.14"]
[SourceQuality "1"]
[WhiteTeam "Iceni"]
[BlackTeam "Wessex"]
[WhiteTeamCountry "ENG"]
[BlackTeamCountry "ENG"]

1. b3 e5 2. Bb2 Nc6 3. e3 d5 4. Bb5 Nge7 5. Nf3 Bg4 6. h3 Bxf3 7. Qxf3 a6 8. Bxc6+ Nxc6 9. Nc3 d4 10. Nd5 Qd7 11. c4 0-0-0 12. 0-0 Bd6 13. Rfe1 Rde8 14. exd4 exd4 15. Qg4 f5 16. Qh4 h6 17. f4 Rxe1+ 18. Rxe1 Re8 19. Qf2 Kb8 20. Kf1 Bc5 21. d3 a5 22. Rxe8+ Qxe8 23. Qe2 Qxe2+ 24. Kxe2 Nd8 25. a3 Ne6 26. b4 axb4 27. axb4 Bd6 28. g3 c6 29. Nb6 Bxb4 30. Nd7+ Kc7 31. Ne5 c5 32. Nf3 g6 33. Nh4 Nf8 34. g4 fxg4 35. hxg4 g5 36. fxg5 hxg5 37. Nf3 Ne6 38. Bc1 Nf4+ 39. Bxf4+ gxf4 40. Ne5 Ba3 41. Kf3 b5 42. cxb5 Kb6 43. Nc4+ 1-0

[Event "BCF-chT3E 2224 (4NCL)"]
[Site "England"]
[Date "2024.02.10"]
[Round "5.45"]
[White "Calvert, David Ian"]
[Black "Smith, Richard W"]
[Result "0-1"]
[WhiteElo "2002"]
[BlackElo "1911"]
[PlyCount "148"]
[EventDate "2023.11.11"]
[EventType "team-tourn"]
[EventRounds "11"]
[EventCountry "ENG"]
[SourceTitle "EXT 2025"]
[Source "ChessBase"]
[SourceDate "2024.10.14"]
[SourceVersion "1"]
[SourceVersionDate "2024.10.14"]
[SourceQuality "1"]
[WhiteTeam "Iceni"]
[BlackTeam "Poole Patzers"]
[WhiteTeamCountry "ENG"]
[BlackTeamCountry "ENG"]

1. b3 e5 2. Bb2 Nc6 3. e3 Nf6 4. Nf3 e4 5. Nd4 Ne7 6. c4 d5 7. d3 dxc4 8. dxc4 Ng6 9. Nc3 Be7 10. Be2 0-0 11. 0-0 Re8 12. f4 exf3 13. Bxf3 c6 14. Ne4 Nxe4 15. Bxe4 Bf6 16. Qc2 Qe7 17. Bxg6 Qxe3+ 18. Kh1 hxg6 19. Nf3 Bf5 20. Qf2 Bd3 21. Qxe3 Rxe3 22. Rf2 Bxb2 23. Rxb2 Rae8 24. h3 Bf5 25. Kh2 Re2 26. Rxe2 Rxe2 27. Nd4 Rb2 28. Nxf5 gxf5 29. Kg3 g5 30. Kf3 Kg7 31. g3 Kg6 32. c5 Rc2 33. b4 a5 34. a3 axb4 35. axb4 Rb2 36. Ra4 Rb3+ 37. Kg2 Kf6 38. h4 gxh4 39. gxh4 Ke5 40. Kf2 f4 41. Ra1 Rxb4 42. Rg1 Rb2+ 43. Kf3 Rb3+ 44. Kf2 Rh3 45. Rg7 Kf6 46. Rg4 Kf5 47. Rg7 Ke6 48. Rg4 Rc3 49. Rxf4 Rxc5 50. Kg3 b5 51. Re4+ Kf6 52. Rf4+ Kg6 53. Rg4+ Kh6 54. Rf4 Rc3+ 55. Kf2 Kg7 56. Rg4+ Kh6 57. Rf4 Kg6 58. h5+ Kxh5 59. Rxf7 Kg6 60. Rb7 Kf5 61. Ke2 Ke4 62. Kd2 Kd4 63. Rb6 Rc5 64. Rb8 Kc4 65. Kc2 Rh5 66. Rg8 Rh2+ 67. Kb1 b4 68. Rg4+ Kb5 69. Rg5+ c5 70. Rg4 b3 71. Rf4 c4 72. Rf5+ Kb4 73. Rf4 Ka3 74. Rf1 c3 0-1

[Event "BCF-chT3E 2224 (4NCL)"]
[Site "England"]
[Date "2023.11.12"]
[Round "2.13"]
[White "Calvert, David Ian"]
[Black "Van Kemenade, Rudy"]
[Result "1/2-1/2"]
[WhiteElo "2019"]
[BlackElo "1946"]
[PlyCount "112"]
[EventDate "2023.11.11"]
[EventType "team-tourn"]
[EventRounds "11"]
[EventCountry "ENG"]
[SourceTitle "CBM 217 Extra"]
[Source "ChessBase"]
[SourceDate "2024.01.31"]
[SourceVersion "1"]
[SourceVersionDate "2024.01.31"]
[SourceQuality "1"]
[WhiteTeam "Iceni"]
[BlackTeam "Rhyfelwyr Essyllwg"]
[WhiteTeamCountry "ENG"]
[BlackTeamCountry "ENG"]

1. b3 e5 2. Bb2 d6 3. d4 e4 4. d5 c5 5. dxc6 bxc6 6. e3 Nf6 7. c4 Be7 8. Nc3 0-0 9. Nge2 Bg4 10. h3 Bxe2 11. Bxe2 Nbd7 12. 0-0 Qa5 13. Qc2 d5 14. Rfd1 dxc4 15. Nxe4 cxb3 16. axb3 Qc7 17. Rac1 Rab8 18. Nxf6+ Nxf6 19. Bf3 c5 20. Rd3 Rfd8 21. Rcd1 Rxd3 22. Rxd3 Qa5 23. Be5 Rd8 24. Rxd8+ Qxd8 25. Bxf6 gxf6 26. Qc4 Qd7 27. Bd5 Bf8 28. h4 f5 29. g3 Kg7 30. Kg2 Bd6 31. f4 Qe7 32. Kf3 Qf6 33. Qd3 Qg6 34. Bc4 Qf6 35. Qd5 h5 36. Bd3 Kg6 37. e4 fxe4+ 38. Qxe4+ Kg7 39. Qh7+ Kf8 40. Qxh5 Qa1 41. Qh6+ Ke7 42. Qg5+ f6 43. Qg7+ Kd8 44. Qg8+ Kc7 45. Qc4 a5 46. Be4 Qd1+ 47. Kg2 Qd4 48. Qxd4 cxd4 49. Kf3 Kb6 50. Ke2 Bf8 51. Kd3 Kc5 52. g4 Bd6 53. g5 Bxf4 54. gxf6 Bh6 55. Bb7 Kd6 56. Kxd4 Ke6 1/2-1/2

[Event "BCF-chT3E 2224 (4NCL)"]
[Site "England"]
[Date "2023.11.11"]
[Round "1.43"]
[White "Stevenson, James"]
[Black "Calvert, David Ian"]
[Result "1-0"]
[WhiteElo "2118"]
[BlackElo "2019"]
[PlyCount "131"]
[EventDate "2023.11.11"]
[EventType "team-tourn"]
[EventRounds "11"]
[EventCountry "ENG"]
[SourceTitle "CBM 217 Extra"]
[Source "ChessBase"]
[SourceDate "2024.01.31"]
[SourceVersion "1"]
[SourceVersionDate "2024.01.31"]
[SourceQuality "1"]
[WhiteTeam "Celtic Tigers II"]
[BlackTeam "Iceni"]
[WhiteTeamCountry "ENG"]
[BlackTeamCountry "ENG"]

1. d4 d5 2. Bf4 Nf6 3. Nc3 c5 4. e4 Nxe4 5. Nxe4 dxe4 6. dxc5 Qa5+ 7. c3 Qxc5 8. Qa4+ Bd7 9. Qxe4 Bc6 10. Qe3 Nd7 11. Nf3 Qxe3+ 12. Bxe3 e5 13. 0-0-0 f6 14. Bc4 Bc5 15. Rhe1 0-0-0 16. Be6 Bxe3+ 17. Rxe3 Kc7 18. Bd5 Nb6 19. Bxc6 Rxd1+ 20. Kxd1 Rd8+ 21. Kc2 Kxc6 22. b3 Nd5 23. Re1 Nf4 24. g3 Ng6 25. a4 a5 26. Nd2 b6 27. Nc4 Rd5 28. Ne3 Rd7 29. Nf5 Nf8 30. Re4 g6 31. Ne3 Ne6 32. Ng4 Nc5 33. Rc4 Kb7 34. f4 Rd6 35. fxe5 fxe5 36. b4 axb4 37. cxb4 Nxa4 38. Nxe5 Re6 39. Re4 b5 40. Kd3 Rd6+ 41. Rd4 Kc7 42. g4 Nb2+ 43. Ke4 Nd1 44. Rxd6 Kxd6 45. Nf7+ Ke7 46. Ne5 Kd6 47. Kd4 Nf2 48. h4 Ke6 49. g5 Kd6 50. Nf7+ Ke7 51. Nh6 Kd6 52. Ng8 Ng4 53. Nf6 Ne5 54. Ne4+ Ke6 55. Kc5 Kf5 56. Nf6 h5 57. Kxb5 Nf3 58. Kc5 Nxh4 59. b5 Nf3 60. b6 Nxg5 61. b7 Kxf6 62. b8Q Kf5 63. Qb1+ Kf6 64. Kd5 h4 65. Qf1+ Kg7 66. Qf4 1-0

[Event "BCF-chT3E 2223 (4NCL)"]
[Site "England"]
[Date "2023.02.12"]
[Round "6.36"]
[White "Nguyen, Anh"]
[Black "Calvert, David Ian"]
[Result "1-0"]
[WhiteElo "1764"]
[BlackElo "2022"]
[PlyCount "137"]
[EventDate "2022.11.05"]
[EventType "team-tourn"]
[EventRounds "11"]
[EventCountry "ENG"]
[SourceTitle "EXT 2024"]
[Source "ChessBase"]
[SourceDate "2023.10.10"]
[SourceVersion "1"]
[SourceVersionDate "2023.10.10"]
[SourceQuality "1"]
[WhiteTeam "Sussex Martlets II"]
[BlackTeam "Iceni"]
[WhiteTeamCountry "ENG"]
[BlackTeamCountry "ENG"]

1. e4 d5 2. exd5 Qxd5 3. Nf3 Bg4 4. Be2 Nc6 5. h3 Bxf3 6. Bxf3 Qe6+ 7. Qe2 Qxe2+ 8. Bxe2 Nd4 9. Bd1 e5 10. d3 Nf6 11. c3 Ne6 12. g3 0-0-0 13. Bc2 Nc5 14. Ke2 Bd6 15. Nd2 Rhe8 16. Nc4 Bf8 17. a4 Nd5 18. Ne3 g6 19. Nxd5 Rxd5 20. b4 Ne6 21. Be3 Kb8 22. Bb3 Rdd8 23. Bc4 f5 24. a5 Nd4+ 25. Kd1 Ne6 26. Kc2 f4 27. Bd2 Bd6 28. Rhg1 Ng5 29. gxf4 Nf3 30. fxe5 Nxd2 31. Kxd2 Rxe5 32. d4 Rf5 33. Rgf1 Rdf8 34. Ke2 Rf3 35. Bd3 Rxh3 36. Rh1 Re8+ 37. Kd2 Rf3 38. Raf1 Rf7 39. f3 Bf4+ 40. Kc2 c6 41. a6 b6 42. Be4 Kc7 43. Rh3 Ree7 44. Rb1 Rg7 45. b5 cxb5 46. Rxb5 g5 47. Kd3 Kd8 48. Rd5+ Ke8 49. c4 Rc7 50. Rh1 g4 51. fxg4 Rxg4 52. Bxh7 Rg3+ 53. Ke4 Bd2 54. Re5+ Kd8 55. Bf5 Re3+ 56. Kd5 Rxe5+ 57. Kxe5 Bb4 58. Be6 Ke7 59. Rh3 Bd6+ 60. Kd5 Bb4 61. Rh8 Ba3 62. Ra8 Bb4 63. Bc8 Bc3 64. c5 bxc5 65. dxc5 Bb4 66. c6 Ba5 67. Bd7 Rxd7+ 68. cxd7 Kxd7 69. Rxa7+ 1-0

[Event "BCF-chT3E 2223 (4NCL)"]
[Site "England"]
[Date "2023.01.08"]
[Round "4.16"]
[White "Tart, Peter K"]
[Black "Calvert, David Ian"]
[Result "1/2-1/2"]
[WhiteElo "1856"]
[BlackElo "2022"]
[PlyCount "90"]
[EventDate "2022.11.05"]
[EventType "team-tourn"]
[EventRounds "11"]
[EventCountry "ENG"]
[SourceTitle "EXT 2024"]
[Source "ChessBase"]
[SourceDate "2023.10.10"]
[SourceVersion "1"]
[SourceVersionDate "2023.10.10"]
[SourceQuality "1"]
[WhiteTeam "Crowthorne"]
[BlackTeam "Iceni"]
[WhiteTeamCountry "ENG"]
[BlackTeamCountry "ENG"]

1. e4 d5 2. exd5 Qxd5 3. Nf3 Bg4 4. Be2 Nc6 5. h3 Bh5 6. d4 0-0-0 7. c3 e5 8. c4 Qa5+ 9. Bd2 Bb4 10. d5 Bxf3 11. Bxf3 Nd4 12. a3 Bxd2+ 13. Nxd2 f5 14. b4 Qa6 15. 0-0 Nf6 16. Re1 Rhe8 17. Be2 Nxe2+ 18. Qxe2 Qd6 19. Nb3 c6 20. Qf3 g6 21. dxc6 Qxc6 22. Qxc6+ bxc6 23. Rad1 Rxd1 24. Rxd1 Rd8 25. Rxd8+ Kxd8 26. Nc5 Kc7 27. Kf1 Kb6 28. Ke2 a5 29. Ke3 axb4 30. axb4 Kc7 31. Kf3 Kd6 32. Ke3 g5 33. Nb7+ Ke7 34. Nc5 Ne8 35. Nd3 Kf6 36. Nc5 h5 37. Nd7+ Ke6 38. Nc5+ Ke7 39. Nd3 Kf6 40. Nc5 Ke7 41. Nd3 Kd6 42. Nc5 h4 43. g4 fxg4 44. hxg4 Nf6 45. f3 Ke7 1/2-1/2

[Event "BCF-chT3E 2223 (4NCL)"]
[Site "England"]
[Date "2022.11.05"]
[Round "1.44"]
[White "Calvert, David Ian"]
[Black "Elwin, Adrian G"]
[Result "1-0"]
[WhiteElo "2022"]
[BlackElo "1958"]
[PlyCount "51"]
[EventDate "2022.11.05"]
[EventType "team-tourn"]
[EventRounds "11"]
[EventCountry "ENG"]
[SourceTitle "EXT 2024"]
[Source "ChessBase"]
[SourceDate "2023.10.10"]
[SourceVersion "1"]
[SourceVersionDate "2023.10.10"]
[SourceQuality "1"]
[WhiteTeam "Iceni"]
[BlackTeam "MK Phoenix"]
[WhiteTeamCountry "ENG"]
[BlackTeamCountry "ENG"]

1. b3 d5 2. Bb2 Nf6 3. Nf3 Bf5 4. c4 e6 5. g3 c5 6. Bg2 Nc6 7. cxd5 exd5 8. d4 Rc8 9. 0-0 Nb4 10. Nc3 Be7 11. a3 Na6 12. dxc5 Bxc5 13. b4 Be7 14. Nd4 Bg6 15. Qa4+ Kf8 16. Rac1 h5 17. Qb3 h4 18. Nxd5 hxg3 19. hxg3 Ne4 20. Rxc8 Qxc8 21. Nxe7 Kxe7 22. Rc1 Qd7 23. Qe3 Qg4 24. Nf3 Rd8 25. Nh4 f5 26. Bf3 1-0

[Event "ENG-ch Seniors 65"]
[Site "Milton Keynes"]
[Date "2021.10.10"]
[Round "7"]
[White "Gamble, Raymond J"]
[Black "Calvert, David Ian"]
[Result "1/2-1/2"]
[WhiteElo "1871"]
[BlackElo "1881"]
[PlyCount "116"]
[EventDate "2021.10.04"]
[EventType "swiss"]
[EventRounds "7"]
[EventCountry "ENG"]
[SourceTitle "EXT 2023"]
[Source "ChessBase"]
[SourceDate "2022.10.05"]
[SourceVersion "1"]
[SourceVersionDate "2022.10.05"]
[SourceQuality "1"]

1. d4 d5 2. Nf3 Nf6 3. e3 c6 4. Bd3 Bg4 5. Nbd2 Nbd7 6. h3 Bh5 7. c3 Qc7 8. Qc2 Bg6 9. Bxg6 hxg6 10. e4 dxe4 11. Nxe4 Nxe4 12. Qxe4 e6 13. Bf4 Bd6 14. Bxd6 Qxd6 15. 0-0-0 Qd5 16. Qxd5 cxd5 17. Rhe1 b5 18. Ne5 Nxe5 19. dxe5 Ke7 20. Rd4 a5 21. Re3 Rhc8 22. a3 Rab8 23. Kd2 Rc4 24. Rf3 f6 25. exf6+ gxf6 26. Rdf4 Rxf4 27. Rxf4 e5 28. Rh4 Ke6 29. Rh7 b4 30. axb4 axb4 31. cxb4 Rxb4 32. Kc3 Rc4+ 33. Kd2 d4 34. Rb7 e4 35. g3 f5 36. Rb6+ Kf7 37. Rb7+ Kf6 38. Rb6+ Kg7 39. Rb7+ Kh6 40. b3 Rc8 41. Ra7 Rb8 42. Ra3 Rb6 43. Kc2 g5 44. Ra2 Kg6 45. Rb2 f4 46. Kd2 fxg3 47. fxg3 Kf5 48. b4 Ke5 49. Rb1 Kd5 50. h4 gxh4 51. gxh4 Kc6 52. h5 Kb5 53. Rh1 Rh6 54. Rh4 e3+ 55. Kd3 Re6 56. Rh1 e2 57. Re1 Rh6 58. Rxe2 Rxh5 1/2-1/2

[Event "ENG-ch Seniors 65"]
[Site "Milton Keynes"]
[Date "2021.10.07"]
[Round "4"]
[White "Calvert, David Ian"]
[Black "Scowen, Roger S"]
[Result "1/2-1/2"]
[WhiteElo "1881"]
[BlackElo "1885"]
[PlyCount "130"]
[EventDate "2021.10.04"]
[EventType "swiss"]
[EventRounds "7"]
[EventCountry "ENG"]
[SourceTitle "EXT 2023"]
[Source "ChessBase"]
[SourceDate "2022.10.05"]
[SourceVersion "1"]
[SourceVersionDate "2022.10.05"]
[SourceQuality "1"]

1. b3 d5 2. Bb2 f5 3. Nf3 Nf6 4. g3 e6 5. Bg2 Be7 6. d3 0-0 7. 0-0 c5 8. Nbd2 Nc6 9. Re1 Qc7 10. e4 fxe4 11. dxe4 d4 12. e5 Nd7 13. Qe2 Nb6 14. a4 Bd7 15. c3 dxc3 16. Bxc3 Nd5 17. Rac1 Ncb4 18. Nc4 Nxc3 19. Rxc3 Nd5 20. Rcc1 Rad8 21. Nfd2 b5 22. axb5 Bxb5 23. f4 Nb4 24. Be4 Bc6 25. Bxc6 Qxc6 26. Rc3 Qd5 27. Qe4 Qd4+ 28. Qxd4 cxd4 29. Rf3 g5 30. Ne4 gxf4 31. gxf4 Rd5 32. Rg3+ Kh8 33. Rf1 d3 34. Rg4 Rd4 35. Ncd2 Nd5 36. Ra1 h5 37. Rg3 Nxf4 38. Rf3 Ne2+ 39. Kf2 Bh4+ 40. Ke3 Rxf3+ 41. Kxf3 Rd7 42. Nc5 Rd5 43. b4 Bg5 44. Nce4 Bxd2 45. Nxd2 Rxe5 46. Rxa7 Nd4+ 47. Kf4 Re2 48. Ne4 d2 49. Nxd2 e5+ 50. Kg5 Rxd2 51. Kxh5 Rxh2+ 52. Kg6 Rg2+ 53. Kf6 e4 54. Ra8+ Rg8 55. Ra1 Re8 56. Rh1+ Kg8 57. Rg1+ Kf8 58. Rh1 Re6+ 59. Kg5 Ke7 60. Kf4 Kd6 61. Rd1 Kd5 62. Ke3 Kc4 63. Rxd4+ Kb5 64. Rxe4 Rxe4+ 65. Kxe4 Kxb4 1/2-1/2

[Event "BCF-chT3Sb 1920 (4NCL)"]
[Site "England"]
[Date "2020.02.08"]
[Round "5.65"]
[White "Cole, James"]
[Black "Calvert, David Ian"]
[Result "1/2-1/2"]
[WhiteElo "2042"]
[BlackElo "1950"]
[PlyCount "76"]
[EventDate "2019.11.09"]
[EventType "team-tourn"]
[EventRounds "11"]
[EventCountry "ENG"]
[SourceTitle "EXT 2023"]
[Source "ChessBase"]
[SourceDate "2022.10.05"]
[SourceVersion "1"]
[SourceVersionDate "2022.10.05"]
[SourceQuality "1"]
[WhiteTeam "Oxford II"]
[BlackTeam "Iceni"]
[WhiteTeamCountry "ENG"]
[BlackTeamCountry "ENG"]

1. d4 d5 2. c4 c6 3. Nf3 Nf6 4. e3 g6 5. Nc3 Bg7 6. Qb3 0-0 7. Bd3 e6 8. 0-0 Nbd7 9. Rd1 b6 10. e4 dxe4 11. Nxe4 Nxe4 12. Bxe4 Bb7 13. Bf4 Qe7 14. Re1 Nf6 15. Bc2 Nh5 16. Bg5 Qd6 17. Rad1 h6 18. Bh4 g5 19. Qd3 f5 20. Bxg5 c5 21. d5 e5 22. Qe3 e4 23. Bh4 exf3 24. Qxf3 Qg6 25. h3 Bc8 26. d6 Bd7 27. Re7 Rad8 28. Qb7 Bf6 29. Bxf6 Nxf6 30. Rd3 Kh8 31. Rg3 Qh5 32. Rgg7 Rg8 33. Rxd7 Rxd7 34. Rxd7 Nxd7 35. Qxd7 Qg5 36. Qc6 Qc1+ 37. Kh2 Qf4+ 38. Kg1 Qc1+ 1/2-1/2

[Event "ENG-ch Seniors 65"]
[Site "Solihull"]
[Date "2019.04.07"]
[Round "6"]
[White "Tarbuck, David"]
[Black "Calvert, David Ian"]
[Result "1/2-1/2"]
[WhiteElo "2001"]
[BlackElo "1921"]
[PlyCount "31"]
[EventDate "2019.04.04"]
[EventType "swiss"]
[EventRounds "6"]
[EventCountry "ENG"]
[SourceTitle "CBM 190 Extra"]
[Source "ChessBase"]
[SourceDate "2019.07.15"]
[SourceVersion "1"]
[SourceVersionDate "2019.07.15"]
[SourceQuality "1"]

1. e4 d5 2. exd5 Qxd5 3. Nc3 Qd6 4. d4 Nf6 5. Be2 a6 6. Nf3 Bf5 7. 0-0 Nc6 8. Be3 0-0-0 9. a3 e5 10. dxe5 Nxe5 11. Qxd6 Nxf3+ 12. Bxf3 Bxd6 13. Rac1 Ng4 14. Bxg4 Bxg4 15. h3 Bf5 16. g4 1/2-1/2

[Event "ENG-ch Seniors 65"]
[Site "Solihull"]
[Date "2019.04.05"]
[Round "3"]
[White "Calvert, David Ian"]
[Black "Milnes, Anthony CP"]
[Result "1/2-1/2"]
[WhiteElo "1921"]
[BlackElo "1997"]
[PlyCount "40"]
[EventDate "2019.04.04"]
[EventType "swiss"]
[EventRounds "6"]
[EventCountry "ENG"]
[SourceTitle "CBM 190 Extra"]
[Source "ChessBase"]
[SourceDate "2019.07.15"]
[SourceVersion "1"]
[SourceVersionDate "2019.07.15"]
[SourceQuality "1"]

1. b3 e5 2. Bb2 Nc6 3. e3 d6 4. Nf3 f5 5. d4 e4 6. d5 exf3 7. dxc6 fxg2 8. Bxg2 b6 9. Nc3 Nf6 10. Qd4 Be7 11. 0-0-0 0-0 12. Bd5+ Nxd5 13. Nxd5 Bf6 14. Nxf6+ Qxf6 15. Qxf6 gxf6 16. Rhg1+ Kf7 17. Rg3 Be6 18. Rdg1 Ke7 19. c4 Rg8 20. Kd2 Rxg3 1/2-1/2

[Event "ENG-ch Seniors 65"]
[Site "Solihull"]
[Date "2019.04.04"]
[Round "1"]
[White "Calvert, David Ian"]
[Black "Surtees, Michael"]
[Result "1/2-1/2"]
[WhiteElo "1921"]
[BlackElo "2087"]
[PlyCount "61"]
[EventDate "2019.04.04"]
[EventType "swiss"]
[EventRounds "6"]
[EventCountry "ENG"]
[SourceTitle "CBM 190 Extra"]
[Source "ChessBase"]
[SourceDate "2019.07.15"]
[SourceVersion "1"]
[SourceVersionDate "2019.07.15"]
[SourceQuality "1"]

1. b3 d5 2. Bb2 c6 3. Nf3 f6 4. d4 Nh6 5. c4 g6 6. Nc3 Bg7 7. g3 Nf7 8. Bg2 f5 9. 0-0 0-0 10. e3 e6 11. Ne2 Nd7 12. Nf4 Re8 13. Nd3 Qc7 14. Rc1 a5 15. a3 b6 16. cxd5 exd5 17. Nfe5 Nfxe5 18. Nxe5 Bxe5 19. dxe5 Nc5 20. b4 axb4 21. axb4 Ra2 22. Ba1 Ne4 23. Bxe4 dxe4 24. Qb3+ Be6 25. Qc3 Rc8 26. Rcd1 Qf7 27. Qd4 Qc7 28. Qd6 Kf7 29. Qxc7+ Rxc7 30. Rd6 b5 31. Bd4 1/2-1/2

[Event "BCF-chT3Sb 1819 (4NCL)"]
[Site "England"]
[Date "2019.01.13"]
[Round "4.72"]
[White "Calvert, David Ian"]
[Black "Pozimski, Szymon"]
[Result "1/2-1/2"]
[WhiteElo "1917"]
[BlackElo "2014"]
[PlyCount "136"]
[EventDate "2018.11.17"]
[EventType "team-tourn"]
[EventRounds "7"]
[EventCountry "ENG"]
[SourceTitle "EXT 2021"]
[Source "ChessBase"]
[SourceDate "2020.10.23"]
[SourceVersion "1"]
[SourceVersionDate "2020.10.23"]
[SourceQuality "1"]
[WhiteTeam "Iceni II"]
[BlackTeam "Oxford II"]
[WhiteTeamCountry "ENG"]
[BlackTeamCountry "ENG"]

1. b3 Nf6 2. Bb2 e6 3. Nf3 b6 4. g3 Bb7 5. Bg2 d5 6. 0-0 Be7 7. c4 0-0 8. d3 c5 9. e3 Nc6 10. Ne5 Qc7 11. Nxc6 Bxc6 12. cxd5 Nxd5 13. Nc3 Rfd8 14. Nxd5 Bxd5 15. Qe2 Qb7 16. Bxd5 Rxd5 17. Rfd1 Rad8 18. d4 Qd7 19. e4 Rd6 20. d5 exd5 21. Rxd5 Qe6 22. Rxd6 Rxd6 23. Rd1 Rxd1+ 24. Qxd1 Qxe4 25. Qd7 Bf8 26. Qd1 h6 27. f3 Qe3+ 28. Kg2 Qe6 29. Qc2 Be7 30. a4 Qd6 31. Bc3 Qe6 32. Kf1 Qd5 33. Ke2 Bf8 34. Bd2 Qc6 35. Qd3 Qe6+ 36. Kd1 Qh3 37. Qe2 Qf5 38. Kc1 Qd5 39. Kc2 Qf5+ 40. Kc1 Qc8 41. Kc2 a6 42. Bf4 Qb7 43. Qe8 Qd5 44. Qe2 Qa8 45. h4 Qc8 46. Qd3 Be7 47. Qe4 Bf6 48. Be5 Qe8 49. f4 b5 50. axb5 axb5 51. Qd5 Bxe5 52. fxe5 Qc8 53. h5 c4 54. bxc4 bxc4 55. Kc3 Qg4 56. Qd8+ Kh7 57. Qd5 Qxg3+ 58. Kxc4 Qg4+ 59. Kc5 Qxh5 60. Kd6 Qg6+ 61. Ke7 Qf5 62. Kf8 h5 63. Qd6 Qe6 64. Qd3+ Qg6 65. Qh3 Qg4 66. Qd3+ Qg6 67. Qh3 Kh6 68. Qe3+ Kh7 1/2-1/2

[Event "BCF-chT4S 1718 (4NCL)"]
[Site "England"]
[Date "2018.05.05"]
[Round "9.11"]
[White "Norman, Kenneth I"]
[Black "Calvert, David Ian"]
[Result "1-0"]
[WhiteElo "2120"]
[BlackElo "1886"]
[PlyCount "165"]
[EventDate "2017.11.11"]
[EventType "team-swiss"]
[EventRounds "11"]
[EventCountry "ENG"]
[SourceTitle "EXT 2020"]
[Source "ChessBase"]
[SourceDate "2019.10.17"]
[SourceVersion "1"]
[SourceVersionDate "2019.10.17"]
[SourceQuality "1"]
[WhiteTeam "Iceni"]
[BlackTeam "Iceni II"]
[WhiteTeamCountry "ENG"]
[BlackTeamCountry "ENG"]

1. Nf3 d5 2. g3 Nf6 3. Bg2 g6 4. d4 Bg7 5. c4 c6 6. cxd5 cxd5 7. Ne5 Ne4 8. 0-0 0-0 9. Nd2 Nd7 10. Nxe4 dxe4 11. Bxe4 Nxe5 12. dxe5 Qxd1 13. Rxd1 Bxe5 14. Bh6 Bg7 15. Bxg7 Kxg7 16. Rac1 Be6 17. Bxb7 Rab8 18. Rc7 Rfd8 19. Rxd8 Rxd8 20. Ba6 Rd2 21. Rxa7 Rxb2 22. a4 Kf6 23. a5 Bd5 24. f3 e5 25. Bd3 Rb4 26. Ra6+ Ke7 27. Ra7+ Kf6 28. Kf2 e4 29. fxe4 Bxe4 30. Bxe4 Rxe4 31. a6 Ra4 32. Ra8 Kg7 33. a7 f5 34. h3 Kf6 35. Kf3 Kg7 36. g4 h6 37. gxf5 gxf5 38. Ke3 Kh7 39. Kd3 Kg7 40. Kc3 Kh7 41. Kb3 Ra1 42. Kc4 Kg7 43. Kd5 Ra5+ 44. Ke6 f4 45. h4 Ra6+ 46. Kf5 Ra4 47. h5 Kh7 48. Ke5 Kg7 49. Ke6 Ra6+ 50. Kf5 Ra4 51. Kg4 Kh7 52. Rf8 Rxa7 53. Kxf4 Kg7 54. Rf5 Ra1 55. e4 Ra4 56. Rb5 Ra1 57. Rb7+ Kf8 58. Kf5 Ra6 59. e5 Ra1 60. e6 Re1 61. Rh7 Rf1+ 62. Ke5 Re1+ 63. Kd6 Rd1+ 64. Kc7 Re1 65. Rf7+ Ke8 66. Kd6 Rd1+ 67. Ke5 Re1+ 68. Kf6 Rf1+ 69. Kg7 Re1 70. Rf6 Ke7 71. Rxh6 Re3 72. Rh7 Rxe6 73. Kg8+ Ke8 74. Rg7 Rh6 75. Rg5 Rf6 76. Re5+ Kd7 77. Kg7 Rf1 78. h6 Rg1+ 79. Kf6 Rh1 80. Kg6 Rg1+ 81. Rg5 Rh1 82. h7 Ke7 83. Kg7 1-0

[Event "BCF-chT4S 1718 (4NCL)"]
[Site "England"]
[Date "2017.11.12"]
[Round "2.203"]
[White "Calvert, David Ian"]
[Black "Cole, James"]
[Result "1-0"]
[WhiteElo "1886"]
[BlackElo "1900"]
[PlyCount "107"]
[EventDate "2017.11.11"]
[EventType "team-swiss"]
[EventRounds "11"]
[EventCountry "ENG"]
[SourceTitle "EXT 2020"]
[Source "ChessBase"]
[SourceDate "2019.10.17"]
[SourceVersion "1"]
[SourceVersionDate "2019.10.17"]
[SourceQuality "1"]
[WhiteTeam "Iceni II"]
[BlackTeam "Oxford III"]
[WhiteTeamCountry "ENG"]
[BlackTeamCountry "ENG"]

1. b3 e5 2. Bb2 Nc6 3. e3 d5 4. Bb5 Bd6 5. f4 Qh4+ 6. g3 Qe7 7. Nf3 f6 8. Nc3 Be6 9. 0-0 a6 10. Bxc6+ bxc6 11. fxe5 fxe5 12. Nxe5 Nf6 13. Nxc6 Qd7 14. Nd4 Bg4 15. Nde2 0-0 16. Qe1 g5 17. Rxf6 Rxf6 18. Nxd5 Rf7 19. Nf6+ Rxf6 20. Bxf6 Qf5 21. Qf1 Qxf1+ 22. Rxf1 Bxe2 23. Re1 Bh5 24. Bxg5 Bg6 25. d3 a5 26. Bf4 a4 27. Bxd6 cxd6 28. e4 axb3 29. axb3 Ra2 30. Rc1 Bf7 31. Kf1 Kg7 32. Ke1 Kf6 33. Kd1 d5 34. exd5 Bxd5 35. Rb1 Ke5 36. Kd2 Kd4 37. g4 Ra6 38. g5 Bf7 39. h4 Ra2 40. b4 Bg6 41. Rb3 Ra7 42. c3+ Kd5 43. b5 Kc5 44. d4+ Kb6 45. c4 Bf7 46. c5+ Kb7 47. Re3 Kc8 48. b6 Rd7 49. Kc3 Kb7 50. Rf3 Re7 51. Rf6 Be8 52. d5 Bg6 53. Re6 Rf7 54. Kb4 1-0

[Event "BCF-chT3S 1617 (4NCL) Demotion pool"]
[Site "England"]
[Date "2017.05.01"]
[Round "11.85"]
[White "Jaszkiwskyj, Peter"]
[Black "Calvert, David Ian"]
[Result "1/2-1/2"]
[WhiteElo "1965"]
[BlackElo "1908"]
[PlyCount "80"]
[EventDate "2016.11.26"]
[EventType "team-tourn"]
[EventRounds "11"]
[EventCountry "ENG"]
[SourceTitle "EXT 2019"]
[Source "ChessBase"]
[SourceDate "2018.10.10"]
[SourceVersion "1"]
[SourceVersionDate "2018.10.10"]
[SourceQuality "1"]
[WhiteTeam "The Rookies"]
[BlackTeam "Iceni"]
[WhiteTeamCountry "ENG"]
[BlackTeamCountry "ENG"]

1. d4 d5 2. Nf3 Nf6 3. c4 c5 4. cxd5 cxd4 5. Qa4+ Qd7 6. Qxd4 Qxd5 7. Nc3 Qxd4 8. Nxd4 a6 9. Bg5 e5 10. Nf3 Nc6 11. a3 Be6 12. g3 Be7 13. Bg2 0-0 14. 0-0 Rfd8 15. Be3 h6 16. Bb6 Rd7 17. Rad1 Rxd1 18. Rxd1 Nd7 19. Be3 Nf6 20. Ne1 Rd8 21. Rxd8+ Nxd8 22. Nd3 Bd6 23. Nc5 Bc8 24. N5e4 Nxe4 25. Nxe4 Bc7 26. Bc5 b6 27. Bd6 Bxd6 28. Nxd6 Be6 29. Ne4 Kf8 30. Nc3 Ke7 31. Na4 b5 32. Nc5 Bc8 33. Kf1 Kd6 34. b4 Kc7 35. Ke1 Ne6 36. Nxe6+ Bxe6 37. Kd2 Kd6 38. Bb7 Kc7 39. Ba8 Kd6 40. Bg2 Kc7 1/2-1/2